=LDR 00000nam 2200000 4500 =001 INLIS000000000046248 =005 20150303134954.0 =006 =007 =008 =035 ##$$0010-031500000000020 =040 ##$$a Ind =082 ##$$a 621.381 =090 ##$$a 621.381$bZul =100 ##$$a Zuhal,Prof.Dr.M.sc.EE =245 ##$$a Prinsip Dasar elektroteknik =260 ##$$a Jakarta$bGramedia$c2004 =300 ##$$a ix,747hal,$c25cm =850 ##$$a NBPDMAT =990 ##$$a 0001/BPAP-NTB/20142015 =990 ##$$a 79727972 =990 ##$$a 01201807972 =990 ##$$a 0001/BPAP-NTB/20142015